[Event "Barcelona La Lira op 12th"]
[Site "Barcelona"]
[Date "2019.05.30"]
[Round "8"]
[White "Morales Gesti, Jose Narciso"]
[Black "Chacon Esforzado, Pablo"]
[Result "1-0"]
[WhiteElo "1288"]
[BlackElo "1700"]
[PlyCount "101"]
[EventDate "2019.04.04"]
[EventType "swiss"]
[EventRounds "9"]
[EventCountry "ESP"]
[SourceTitle "CBM 190 Extra"]
[Source "ChessBase"]
[SourceDate "2019.07.15"]
[SourceVersion "1"]
[SourceVersionDate "2019.07.15"]
[SourceQuality "1"]

1. e4 d5 2. d3 e6 3. Be2 c6 4. Nf3 Bc5 5. 0-0 Qd6 6. a3 e5 7. b4 Bb6 8. c4 dxc4 9. dxc4 Qxd1 10. Rxd1 Bg4 11. Nc3 Nf6 12. Bg5 Bc7 13. Bxf6 gxf6 14. Nd2 Nd7 15. Bxg4 0-0-0 16. Bxd7+ Rxd7 17. Nb3 Rhd8 18. Rxd7 Rxd7 19. Rd1 Rxd1+ 20. Nxd1 b5 21. cxb5 cxb5 22. Nc3 a6 23. f3 Kd7 24. Nc5+ Kd6 25. Nxa6 Bd8 26. Nxb5+ Ke6 27. Nc5+ Ke7 28. Nc3 Bb6 29. Nd5+ Kf8 30. Nxb6 Kg7 31. a4 Kg6 32. a5 f5 33. exf5+ Kxf5 34. a6 Kf4 35. a7 f5 36. a8Q h5 37. Ne6+ Ke3 38. Qa3+ Ke2 39. Nc4 e4 40. Qe3+ Kd1 41. fxe4 fxe4 42. Nb2+ Kc2 43. Qxe4+ Kxb2 44. b5 Kc3 45. b6 Kd2 46. b7 h4 47. b8Q h3 48. Qd8+ Kc3 49. Qc6+ Kb4 50. Qb8+ Ka3 51. Qca8# 1-0

[Event "Barcelona La Lira op 12th"]
[Site "Barcelona"]
[Date "2019.05.23"]
[Round "7"]
[White "Chacon Esforzado, Pablo"]
[Black "Aubeso Duch, Miquel"]
[Result "0-1"]
[WhiteElo "1700"]
[BlackElo "1284"]
[PlyCount "112"]
[EventDate "2019.04.04"]
[EventType "swiss"]
[EventRounds "9"]
[EventCountry "ESP"]
[SourceTitle "CBM 190 Extra"]
[Source "ChessBase"]
[SourceDate "2019.07.15"]
[SourceVersion "1"]
[SourceVersionDate "2019.07.15"]
[SourceQuality "1"]

1. d4 d5 2. Nf3 Nc6 3. e3 Nf6 4. Bd3 Bg4 5. 0-0 g6 6. Re1 Bg7 7. e4 0-0 8. e5 Nd7 9. h3 Bxf3 10. Qxf3 Nxd4 11. Qxd5 Nb6 12. Qxd8 Raxd8 13. Nc3 a6 14. Be3 Bxe5 15. a4 c5 16. a5 Nd7 17. Bxd4 cxd4 18. Nd5 e6 19. Ne7+ Kh8 20. c3 dxc3 21. b4 Rfe8 22. b5 Rxe7 23. bxa6 bxa6 24. Bxa6 Nc5 25. Rxe5 Nxa6 26. Rc1 Rc7 27. Re3 c2 28. Re2 Rd1+ 29. Re1 Rxe1+ 30. Rxe1 c1Q 31. Rxc1 Rxc1+ 32. Kh2 Ra1 33. f4 Rxa5 34. g4 Nb4 35. h4 Ra3 36. f5 exf5 37. gxf5 gxf5 38. h5 h6 39. Kg2 Nd5 40. Kf2 Nf4 41. Kf1 Nxh5 42. Kf2 f4 43. Kg2 Rg3+ 44. Kf2 f3 45. Ke3 f5 46. Kf2 f4 47. Kf1 Rg2 48. Ke1 Ng3 49. Kd1 f2 50. Kd2 f1Q+ 51. Kc3 Qc1+ 52. Kd4 Re2 53. Kd3 Qd1+ 54. Kc4 Rc2+ 55. Kb3 Qb1+ 56. Ka4 Ra2# 0-1

[Event "Barcelona La Lira op 12th"]
[Site "Barcelona"]
[Date "2019.04.04"]
[Round "1"]
[White "Chacon Esforzado, Pablo"]
[Black "Tortosa Moros, Joan"]
[Result "0-1"]
[WhiteElo "1700"]
[BlackElo "1692"]
[PlyCount "84"]
[EventDate "2019.04.04"]
[EventType "swiss"]
[EventRounds "9"]
[EventCountry "ESP"]
[SourceTitle "CBM 190 Extra"]
[Source "ChessBase"]
[SourceDate "2019.07.15"]
[SourceVersion "1"]
[SourceVersionDate "2019.07.15"]
[SourceQuality "1"]

1. Nc3 e5 2. d4 exd4 3. Qxd4 Nc6 4. Qe4+ Nge7 5. Bf4 d6 6. 0-0-0 Bf5 7. Qe3 Qd7 8. Rd2 0-0-0 9. g3 g6 10. Bh3 Bxh3 11. Nxh3 Qxh3 12. Nd5 Nxd5 13. Rxd5 Bg7 14. Qd2 Qe6 15. Qd1 Nb4 16. Rd4 Bxd4 17. Qxd4 Nc6 18. Qd2 Qxa2 19. c3 Qa1+ 20. Kc2 Qxh1 21. Qd1 Qxd1+ 22. Kxd1 Ne5 23. Bg5 Rde8 24. Be3 Nc4 25. Bc1 Re5 26. b4 Rhe8 27. e3 a5 28. bxa5 Rxa5 29. h4 Ra1 30. f4 Nxe3+ 31. Kd2 Nf1+ 32. Kc2 Nxg3 33. Bb2 Rf1 34. c4 Re2+ 35. Kb3 Rf3+ 36. Bc3 Ree3 37. Kb4 Rxc3 38. c5 dxc5+ 39. Kb5 c6+ 40. Kb6 Rf2 41. Ka7 Rb2 42. f5 Ra3# 0-1